| 000 | 00507nam a22001577a 4500 | ||
|---|---|---|---|
| 003 | OSt | ||
| 005 | 20150918163428.0 | ||
| 008 | 150918b xxu||||| |||| 00| 0 eng d | ||
| 040 | _cRUA | ||
| 082 | _aAGR KHO 2006 BO33 Or.1 | ||
| 100 |
_9795 _aKHOEURN, SOKHON |
||
| 245 | _aPotential of banana in kampong cham province,(សក្តានុពលដំណាំចេកនីខេត្តកំពហ់ចាម). | ||
| 260 |
_aphnom phen _bRUA _c2006 |
||
| 300 |
_aIX, 43p. _bill. _c29cm. |
||
| 942 |
_2ddc _cAGR |
||
| 999 |
_c763 _d763 |
||